La abeja y yo : (Registro nro. 60749)

Detalles MARC
000 -CABECERA
Longitud fija campo de control 01368nam a2200373 c 4500
003 - • IDENTIFICADOR DELl NÚMERO DE CONTROL
Identificador del número de control CO-BoRNBP
005 - • FECHA Y HORA DE LA ÚLTIMA TRANSACCIÓN
Fecha y hora de la última transacción 20260317212813.0
007 - • CAMPO FIJO DE DESCRIPCIÓN FÍSICA
Campo fijo de descripción física ta
008 - • CÓDIGOS DE INFORMACIÓN DE LONGITUD FIJA
Códigos de información de longitud fija 221116s2022 ck a br 000 1 spa d
020 ## - • NÚMERO INTERNACIONAL NORMALIZADO PARA LIBROS
Número Internacional Normalizado para Libros (ISBN) 9789588846842
040 ## - FUENTE DE LA CATALOGACIÓN
Centro catalogador de origen CO-BoRNBP
Lengua de catalogación spa
Normas de descripción rda
Centro transcriptor CO-BoRNBP
041 1# - • CÓDIGO DE LENGUA
Código de lengua del texto/banda sonora o título independiente spa
Código de lengua original eng
043 ## - CÓDIGO DE ÁREA GEOGRÁFICA
Código de área geográfica e-uk-en
084 ## - • Clasificación Local Alfanúmerica PNLB
Número de clasificación A
100 10 - • PUNTO DE ACCESO PRINCIPAL-NOMBRE DE PERSONA
Nombre de persona Jay, Alison,
Fechas asociadas al nombre 1966-
Término indicativo de función aut
245 13 - • TITULO PROPIAMENTE DICHO
Título La abeja y yo :
Resto del título un cuento sobre la amistad /
Mención de responsabilidad, etc. texto e ilustraciones Alison Jay ; traducido por Isabel Llasat.
250 ## - • MENCIÓN DE EDICIÓN
Mención de edición Edición especial
264 #1 - PRODUCCIÓN, PUBLICACIÓN , DISTRIBUCIÓN, FABRICACIÓN Y COPYRIGHT
Lugar de producción, publicación, distribución, fabricación Bogotá, Colombia :
Nombre del productor, editor, distribuidor, fabricante Alianza Distribuidora de Colombia,
Fecha de de producción, publicación, distribución, fabricación o copyright 2022
300 ## - • DESCRIPCIÓN FÍSICA
Extensión 34 páginas sin numerar :
Otras características físicas ilustraciones a color
336 ## - TIPO DE CONTENIDO
Término de tipo de contenido texto
Código de tipo de contenido txt
Fuente rdacontent
337 ## - TIPO DE MEDIO
Nombre del tipo de medio sin mediación
Código del tipo de medio n
Fuente rdamedia
338 ## - TIPO DE SOPORTE
Nombre del tipo de soporte volumen
Código del tipo de soporte nc
Fuente rdacarrier
490 0# - • MENCIÓN DE SERIE
Mención de serie Plan Nacional de Lectura y Escritura Leer es mi Cuento / Ministerio de Cultura
521 ## - • NOTA DE PÚBLICO DESTINATARIO
Nota público destinatario (R ) Recomendado para un público infantil mayor de 6 años
534 ## - • Nota De Versión Original
Título Bee and me
650 17 - • PUNTO DE ACCESO ADICIONAL DE MATERIA - TÉRMINO DE MATERIA
Término de materia o nombre geográfico como elemento inicial Abejas en la literatutra
Fuente del encabezamiento o término rnbp
650 17 - • PUNTO DE ACCESO ADICIONAL DE MATERIA - TÉRMINO DE MATERIA
Término de materia o nombre geográfico como elemento inicial Álbumes infantiles ingleses
Subdivisión cronológica Siglo XX
Fuente del encabezamiento o término rnbp
650 17 - • PUNTO DE ACCESO ADICIONAL DE MATERIA - TÉRMINO DE MATERIA
Término de materia o nombre geográfico como elemento inicial Amistad en la literatura
Fuente del encabezamiento o término rnbp
650 17 - • PUNTO DE ACCESO ADICIONAL DE MATERIA - TÉRMINO DE MATERIA
Término de materia o nombre geográfico como elemento inicial Animales en la literatura
Fuente del encabezamiento o término rnbp
650 17 - • PUNTO DE ACCESO ADICIONAL DE MATERIA - TÉRMINO DE MATERIA
Término de materia o nombre geográfico como elemento inicial Literatura infantil inglesa
Subdivisión cronológica Siglo XX
Fuente del encabezamiento o término rnbp
700 10 - • PUNTO DE ACCESO ADICIONAL - NOMBRE DE PERSONA
Nombre de persona Llasat, Isabel,
Fechas asociadas al nombre 1964-
Término indicativo de función trl
942 ## - ENTRADA DE ELEMENTOS AGREGADOS (KOHA)
Fuente de clasificaión o esquema
Koha [por defecto] tipo de item Literatura Infantil
Existencias
Perdido Fuente de clasificación o esquema Estado Físico No para préstamo Localización permanente Localización actual Fecha adquisición Préstamos totales Signatura completa Código de barras Fecha última consulta Número de copia Fecha del precio de reemplazo Tipo de item de Koha
  Dewey Decimal Classification     Biblioteca Pública Medellin del Ariari - El Castillo Biblioteca Pública Medellin del Ariari - El Castillo 03/17/2026   A MDA100148 03/17/2026 Ej.1 03/17/2026 Literatura Infantil









Instituto Departamental de Cultura del Meta - Red Departamental de Bibliotecas Públicas del Meta.